[Event "GER-chT Christmas U16 Steinitz"]
[Site "Playchess.com INT"]
[Date "2020.12.28"]
[Round "5.4"]
[White "Vetter, Samuel Kai"]
[Black "Kraus, Joel"]
[Result "0-1"]
[WhiteElo "1214"]
[BlackElo "1291"]
[PlyCount "46"]
[EventDate "2020.12.28"]
[EventType "team-swiss (blitz)"]
[EventRounds "7"]
[EventCountry "GER"]
[SourceTitle "CBM 200 Extra"]
[Source "ChessBase"]
[SourceDate "2021.03.31"]
[SourceVersion "1"]
[SourceVersionDate "2021.03.31"]
[SourceQuality "1"]
[WhiteTeam "Oberschoeneweide"]
[BlackTeam "Kuppenheim"]
[WhiteTeamCountry "GER"]
[BlackTeamCountry "GER"]

1. c4 e5 2. Nc3 Nf6 3. g3 Nc6 4. Bg2 Bc5 5. e3 0-0 6. Nge2 Re8 7. 0-0 d6 8. d4 exd4 9. exd4 Bb6 10. a3 Bg4 11. h3 Bh5 12. g4 Nxg4 13. hxg4 Bxg4 14. f3 Bh5 15. Nd5 Qh4 16. Nxb6 axb6 17. d5 Ne5 18. f4 Nxc4 19. Bf3 Ne3 20. Bxe3 Rxe3 21. Bxh5 Qxh5 22. Kf2 Rae8 23. Ng3 Qh2# 0-1